Täter-Opfer-Ausgleich im türkischen Strafverfahrensrecht

Gespeichert in:  
Bibliographische Detailangaben
1. VerfasserIn: Yerdelen, Erdal (Verfasst von)
Medienart: Druck Aufsatz
Sprache:Deutsch
Veröffentlicht: 2016
In: Strafrechtlicher Reformbedarf
Jahr: 2016, Seiten: 265-279
Verfügbarkeit prüfen: HBZ Gateway
Schlagwörter:

MARC

LEADER 00000naa a2200000 c 4500
001 1580740952
003 DE-627
005 20180906141546.0
007 tu
008 180906s2016 xx ||||| 00| ||ger c
020 |a 9788364864674 
035 |a (DE-627)1580740952 
035 |a (DE-576)510740952 
035 |a (DE-599)BSZ510740952 
040 |a DE-627  |b ger  |c DE-627  |e rda 
041 |a ger 
100 1 |a Yerdelen, Erdal  |e VerfasserIn  |4 aut 
245 1 0 |a Täter-Opfer-Ausgleich im türkischen Strafverfahrensrecht  |c Erdal Yerdelen 
264 1 |c 2016 
336 |a Text  |b txt  |2 rdacontent 
337 |a ohne Hilfsmittel zu benutzen  |b n  |2 rdamedia 
338 |a Band  |b nc  |2 rdacarrier 
773 0 8 |i Enthalten in  |t Strafrechtlicher Reformbedarf  |d Poznań : WNI, Wydawnictwo Nauka i Innowacje, 2016  |g (2016), Seite 265-279  |h 352 Seiten  |w (DE-627)1624973280  |w (DE-576)487026195  |z 9788364864674  |7 nnam 
773 1 8 |g year:2016  |g pages:265-279 
951 |a AR 
ELC |b 1 
LOK |0 000 xxxxxcx a22 zn 4500 
LOK |0 001 3024837108 
LOK |0 003 DE-627 
LOK |0 004 1580740952 
LOK |0 005 20260119112030 
LOK |0 008 180906||||||||||||||||ger||||||| 
LOK |0 040   |a DE-21-110  |c DE-627  |d DE-21-110 
LOK |0 689   |a s  |a Wiedergutmachung 
LOK |0 689   |a s  |a Gesetzeslage 
LOK |0 689   |a g  |a Türkei 
LOK |0 852   |a DE-21-110 
LOK |0 852 1  |m p  |9 00 
LOK |0 938   |k p 
LOK |0 939   |a 06-09-18  |b l01 
ORI |a SA-MARC-krimdoka001.raw